[Event "ESCC Women 65 2019"]
[Site "Halkidik"]
[Date "2019.04.07"]
[Round "2.5"]
[White "Sinchurina, Tatiana"]
[Black "Fatalibekova, Elena"]
[Result "1/2-1/2"]
[WhiteElo "1967"]
[BlackElo "2148"]
[Annotator "NA"]
[PlyCount "42"]
[EventDate "2019.04.06"]
[EventType "swiss"]
[EventCountry "GRE"]
[SourceTitle "playchess.com"]
[Source "ChessBase"]
[SourceQuality "1"]
[TimeControl "40/5400+30:1800+30"]

1. e4 {[%emt 0:00:00]} c5 {[%emt 0:00:00]} 2. Nf3 {[%emt 0:00:00]} Nc6 {[%emt 0:00:00]} 3. d4 {[%emt 0:00:00]} cxd4 {[%emt 0:00:00]} 4. Nxd4 {[%emt 0:00:06]} Nf6 {[%emt 0:00:59]} 5. Nc3 {[%emt 0:00:36]} d6 {[%emt 0:00:17]} 6. Be2 {[%emt 0:01:14]} g6 {[%emt 0:00:17]} 7. Be3 {[%emt 0:01:03]} Bg7 {[%emt 0:00:06]} 8. h3 {[%emt 0:02:10]} O-O {[%emt 0:00:54]} 9. Qd2 {[%emt 0:00:34]} d5 {[%emt 0:09:30]} 10. Nxc6 {[%emt 0:03:08]} bxc6 {[%emt 0:00:02]} 11. e5 {[%emt 0:00:28]} Ne4 {[%emt 0:07:30]} 12. Qd4 {[%emt 0:25:48]} c5 $11 {[%emt 0:27:17]} 13. Qxd5 {[%emt 0:01:03]} Nxc3 {[%emt 0:00:02]} 14. Qxd8 {[%emt 0:04:30]} Rxd8 {[%emt 0:00:02]} 15. bxc3 {[%emt 0:02:18]} Bxe5 {[%emt 0:00:34]} 16. O-O {[%emt 0:01:49]} Bxc3 {[%emt 0:02:18]} 17. Rad1 {[%emt 0:00:35]} Be6 {[%emt 0:06:33]} 18. Bxc5 {[%emt 0:01:19]} Bxa2 {[%emt 0:15:53]} 19. Rxd8+ {[%emt 0:02:57]} Rxd8 {[%emt 0:00:01]} 20. Bxa7 {[%emt 0:00:14]} Be6 {[%emt 0:02:44]} 21. Rd1 {[%emt 0:03:27]} Rxd1+ {[%emt 0:03:51]} 1/2-1/2

[Event "ESCC Women 65 2019"]
[Site "Halkidik"]
[Date "2019.04.08"]
[Round "3.1"]
[White "Fatalibekova, Elena"]
[Black "Podlovna, Stella"]
[Result "1-0"]
[WhiteElo "2148"]
[BlackElo "1599"]
[Annotator "NA"]
[PlyCount "42"]
[EventDate "2019.04.06"]
[EventType "swiss"]
[EventCountry "GRE"]
[SourceTitle "playchess.com"]
[Source "ChessBase"]
[SourceQuality "1"]
[TimeControl "40/5400+30:1800+30"]

1. e4 {[%emt 0:00:00]} c6 {[%emt 0:00:13]} 2. d4 {[%emt 0:00:00]} d5 {[%emt 0:00:22]} 3. exd5 {[%emt 0:00:04]} cxd5 {[%emt 0:00:57]} 4. c4 {[%emt 0:00:09]} e6 {[%emt 0:00:54]} 5. Nc3 {[%emt 0:00:09]} Nf6 {[%emt 0:01:40]} 6. Nf3 {[%emt 0:00:06]} Be7 {[%emt 0:02:38]} 7. cxd5 {[%emt 0:00:25]} Nxd5 {[%emt 0:01:03]} 8. Bd3 {[%emt 0:00:12]} Nc6 {[%emt 0:01:32]} 9. O-O {[%emt 0:00:19]} O-O {[%emt 0:01:06]} 10. Re1 {[%emt 0:00:17]} Re8 {[%emt 0:00:53]} 11. a3 {[%emt 0:01:32]} h6 {[%emt 0:01:01]} 12. Bc2 {[%emt 0:03:07]} Nf6 {[%emt 0:08:40]} 13. Qd3 {[%emt 0:01:34]} a6 {[%emt 0:09:18]} 14. Bf4 {[%emt 0:09:58]} b5 {[%emt 0:03:28]} 15. Ne4 {[%emt 0:00:41]} Bb7 $18 {[%emt 0:02:38]} (15... Nd5 $16 16. Nc3) 16. Nxf6+ {[%emt 0:03:12]} Bxf6 {[%emt 0:00:21]} 17. Qh7+ {[%emt 0:00:02]} Kf8 {[%emt 0:00:44]} 18. d5 {[%emt 0:00:25]} Qxd5 {[%emt 0:08:52]} 19. Rad1 {[%emt 0:00:11]} Nd4 {[%emt 0:02:06]} 20. Be4 {[%emt 0:00:18]} Nxf3+ {[%emt 0:01:25]} 21. Bxf3 {[%emt 0:00:01]} Qd7 {[%emt 0:00:42]} 1-0

[Event "ESCC Women 65 2019"]
[Site "Halkidik"]
[Date "2019.04.10"]
[Round "3.2"]
[White "Gaprindashvili, Nona"]
[Black "Sinchurina, Tatiana"]
[Result "0-1"]
[WhiteElo "2294"]
[BlackElo "1967"]
[Annotator "TA"]
[PlyCount "65"]
[EventDate "2019.04.06"]
[EventType "swiss"]
[EventCountry "GRE"]
[SourceTitle "playchess.com"]
[Source "ChessBase"]
[SourceQuality "1"]

{[%evp 17,65,22,26,-33,-44,-39,-34,-224,-218,-226,-208,-520,-499,-416,-304,-305,-285,-1168,-1143,-1125,-1123,-1321,-1160,-1232,-1244,-1033,-450,-420,-412,-987,-756,-2248,-2213,-6375,-6375,-5381,-2957,-2281,-944,-2260,-2198,-2029,-1935,-2223,-791,-775,-693,-1179,-1143,-1145]} 1. d4 d5 2. c4 e6 3. Nc3 c5 4. cxd5 cxd4 5. Qxd4 Nc6 6. Qd1 exd5 7. Qxd5 Bd7 8. Bg5 Nf6 9. Qd2 h6 10. Bh4 {D32: Tarrasch Defence: Sidelines and lines without g3} (10. Bxf6 $11 Qxf6 11. Nd5) 10... g5 $1 $15 {[%cal Rg5h4]} 11. Bg3 Qa5 {...0-0-0 is the strong threat.} 12. Bd6 $146 (12. e3 $15) ({Predecessor:} 12. e3 O-O-O 13. Nge2 Bf5 14. Nd4 Nxd4 15. exd4 Bc5 16. Bd3 Bxd3 17. Qxd3 Bxd4 {1-0 (42) Ivanisevic,I (2588)-Ivanov,M (2447) Cannes 2006}) 12... O-O-O $19 13. Bxf8 Rhxf8 14. f3 $2 (14. Qc1 {is tougher.}) 14... Bf5 15. Qc1 Kb8 16. e4 Rfe8 17. Nge2 $2 {[#]} (17. Bb5 Bxe4 {[%mdl 64] Pin} 18. Nge2 (18. fxe4 Nxe4 19. Be2 Nd4 $19)) 17... Bxe4 $1 {[%mdl 512]} 18. fxe4 Nxe4 {Hoping for ...Nb4.} 19. Qe3 Nc5 20. Qg3+ Ka8 21. Rd1 Rxd1+ (21... Nb4 $142 22. Rd6 Nbd3+ {[%mdl 64] Double Attack} 23. Kd1 Nxb2+ 24. Kc2 Nc4) 22. Kxd1 {Threatening a3.} Rd8+ ({Worse is} 22... Ne4 23. Nxe4 Qa4+ 24. Kd2 $16) 23. Kc2 {[#]} (23. Kc1 $142 Nd3+ 24. Kb1) 23... Ne4 $1 {[%mdl 512] ( -> ...Rd2+). Black is clearly winning.} 24. Qe3 (24. Nxe4 Qa4+) 24... Nb4+ {[%mdl 64] Double Attack} ({Not} 24... Rd2+ 25. Kc1 $11) 25. Kc1 Nxa2+ 26. Kc2 Nb4+ 27. Kc1 Qa1+ 28. Nb1 Nd3+ 29. Qxd3 Rxd3 30. Nec3 Nxc3 {[%csl Gc3][%cal Ra1b1]} 31. Bxd3 Na2+ 32. Kd2 Qxb2+ 33. Ke3 {Accuracy: White = 26%, Black = 90%.} 0-1

[Event "ESCC Women 65 2019"]
[Site "Halkidik"]
[Date "2019.04.10"]
[Round "3.3"]
[White "Burchardt, Brigitte"]
[Black "Titorenko, Natalia I"]
[Result "1-0"]
[WhiteElo "2136"]
[BlackElo "2153"]
[Annotator "TA"]
[PlyCount "91"]
[EventDate "2019.04.06"]
[EventType "swiss"]
[EventCountry "GRE"]
[SourceTitle "playchess.com"]
[Source "ChessBase"]
[SourceQuality "1"]

{[%evp 15,91,-9,-11,-4,-5,-17,0,-5,-4,-3,0,-4,0,0,0,-15,-12,-21,-14,-29,-17,-26,-8,-12,0,-6,0,-11,-3,-9,0,-14,1,-14,70,40,89,81,82,89,116,126,103,121,195,162,150,109,108,41,86,0,87,15,171,156,170,168,619,63,80,7,20,-57,45,57,41,48,50,33,44,37,346,343,4894,1970,29993,29994]} 1. e4 c5 2. Nc3 Nc6 3. g3 g6 4. Bg2 Bg7 5. d3 d6 6. Be3 e6 7. Qd2 Rb8 8. f4 Nge7 9. Nge2 {B26: Closed Sicilian: 3 g3, lines with early Be3} (9. Nf3 b5 10. a3 a5 11. Nd1 b4 12. axb4 axb4 13. h4 h5 14. O-O O-O 15. Rb1 Ra8 16. Nf2 Ra2 17. d4 {½-½ (39) Seirawan,Y (2643)-Karpov,A (2615) Saint Louis 2012}) 9... Nd4 10. Nd1 b6 11. O-O {The position is equal.} O-O 12. c3 Nxe2+ 13. Qxe2 d5 14. e5 Ba6 15. Nf2 h5 16. Rfc1 $146 ({Predecessor:} 16. Rfd1 Nf5 17. Bd2 Qd7 18. Qf3 b5 19. a3 Bb7 20. Qe2 a5 {½-½ (54) Fillion,S (2151)-Hua,L (2267) Quebec 2001}) 16... Nf5 17. Bd2 Re8 18. Bh3 Rb7 19. Qf3 Rd7 20. Bxf5 exf5 21. d4 $1 Bf8 22. Be3 Kg7 23. Kg2 Re6 24. h3 Be7 (24... f6 $11) 25. Rg1 Rc6 26. g4 hxg4 27. hxg4 fxg4 28. Qxg4 (28. Nxg4 Bd3) 28... f5 {[#]} 29. exf6+ $1 Rxf6 (29... Bxf6 $16 {might work better.} 30. Kf3 Qe8) 30. Rh1 $18 Rf5 31. Rag1 {Kf3 is the strong threat.} (31. Qh3 $6 Rh5 $16) 31... Bd6 32. Qh3 (32. Rh2 $16) 32... Rh5 33. Qg4 Rf5 $1 34. Rh4 (34. Rh2 $16) 34... Be7 $2 (34... Be2 $1 $11 {and Black stays safe.} 35. Qh3 Bh5) 35. Rh3 Qg8 36. Kf3 ({Don't take} 36. dxc5 $6 bxc5 37. Kh2 Qe6 $16) 36... Kf7 $2 {[#]} (36... Qe6 37. Rh5 Rf6) 37. Rgh1 $2 (37. Rh8 $1 $18 {[%mdl 512]} Qg7 (37... Qxh8 38. Qxg6+) 38. Qh3) 37... Bf6 $1 $14 38. Rh6 (38. Qg3 $16) 38... Re7 $11 39. Qh3 ({White should try} 39. Rh7+ $11 Bg7 40. R1h6) 39... Rxe3+ (39... Qe8 $1 $15 40. Rh7+ Bg7) 40. Kxe3 $14 {Black must now prevent Kd2.} Qe8+ 41. Kf3 {aiming for Rh7+.} Be2+ 42. Kg2 {And now Qg3 would win.} Bh5 43. Qg3 {Strongly threatening R1xh5!} Qg8 $2 {[%mdl 8192]} ({Better is} 43... Kf8 $14) 44. Ng4 $18 cxd4 $2 (44... Bg7 45. R6xh5 (45. Ne3 Qe8 $18) 45... gxh5) 45. Nxf6 dxc3 46. Nxg8 {Accuracy: White = 45%, Black = 32%.} 1-0

[Event "ESCC Women 65 2019"]
[Site "Halkidik"]
[Date "2019.04.10"]
[Round "3.4"]
[White "Khmiadashvili, Tamar"]
[Black "Sorokina, Tamara"]
[Result "1-0"]
[WhiteElo "1976"]
[BlackElo "2051"]
[Annotator "NA RC"]
[PlyCount "123"]
[EventDate "2019.04.06"]
[EventType "swiss"]
[EventCountry "GRE"]
[SourceTitle "playchess.com"]
[Source "ChessBase"]
[SourceQuality "1"]
[TimeControl "40/5400+30:1800+30"]

1. f4 {[%emt 0:00:00]} c5 {[%emt 0:00:00]} 2. Nf3 {[%emt 0:00:00]} Nf6 {[%emt 0:00:09]} 3. e3 {[%emt 0:00:17]} b6 {[%emt 0:01:03]} 4. b3 {[%emt 0:00:57]} Bb7 {[%emt 0:00:23]} 5. Bb2 {[%emt 0:00:16]} e6 {[%emt 0:00:07]} 6. Bd3 {[%emt 0:02:32]} d6 {[%emt 0:02:37]} 7. O-O {[%emt 0:02:30]} Nbd7 {[%emt 0:00:16]} 8. Qe2 {[%emt 0:02:11]} Qc7 {[%emt 0:01:57]} 9. Ba6 {[%emt 0:04:33]} Be7 {[%emt 0:02:21]} 10. Bxb7 {[%emt 0:00:26]} Qxb7 {[%emt 0:00:06]} 11. d3 {[%emt 0:01:37]} d5 {[%emt 0:01:03]} 12. Nbd2 {[%emt 0:02:51]} O-O {[%emt 0:02:56]} 13. Ne5 {[%emt 0:07:33]} Ne8 {[%emt 0:04:00]} 14. Nxd7 {[%emt 0:04:03]} Qxd7 {[%emt 0:00:06]} 15. Nf3 {[%emt 0:02:28]} f6 {[%emt 0:00:38]} 16. c4 {[%emt 0:05:28]} Nc7 $11 {[%emt 0:03:00]} 17. e4 {[%emt 0:06:17]} Rad8 {[%emt 0:03:16]} 18. Rad1 {[%emt 0:05:05]} d4 {[%emt 0:04:22]} 19. Bc1 {[%emt 0:04:21]} Rde8 {[%emt 0:06:17]} 20. g4 {[%emt 0:03:38]} Bd8 {[%emt 0:04:43]} 21. Qg2 {[%emt 0:05:43]} Kh8 {[%emt 0:01:46]} 22. e5 {[%emt 0:02:42]} f5 {[%emt 0:02:46]} 23. h4 {[%emt 0:09:18]} fxg4 {[%emt 0:02:30]} 24. Qxg4 {[%emt 0:01:03]} Rf5 {[%emt 0:00:08]} 25. Nd2 {[%emt 0:07:20]} Ref8 {[%emt 0:01:44]} 26. Ne4 {[%emt 0:00:16]} Ne8 {[%emt 0:00:16]} 27. Ng3 {[%emt 0:01:18]} R5f7 {[%emt 0:00:16]} 28. Rd2 {[%emt 0:03:10]} g6 {[%emt 0:01:22]} 29. Rg2 {[%emt 0:00:38]} Ng7 {[%emt 0:01:30]} 30. h5 {[%emt 0:01:29]} gxh5 {[%emt 0:01:13]} 31. Nxh5 {[%emt 0:02:59]} Nxh5 {[%emt 0:01:49]} 32. Qxh5 {[%emt 0:00:04]} Rg7 {[%emt 0:00:18]} 33. Rff2 {[%emt 0:03:28]} Rfg8 {[%emt 0:00:33]} 34. Kf1 {[%emt 0:01:28]} Qb7 {[%emt 0:01:05]} 35. Rxg7 {[%emt 0:03:18]} Qxg7 {[%emt 0:00:11]} 36. Ke2 {[%emt 0:01:22]} Qg6 {[%emt 0:06:40]} 37. Qxg6 {[%emt 0:01:25]} hxg6 {[%emt 0:00:12]} 38. Kf3 {[%emt 0:02:21]} Kg7 {[%emt 0:00:06]} 39. Rh2 {[%emt 0:00:12]} Rh8 {[%emt 0:00:15]} 40. Rxh8 {[%emt 0:00:00]} Kxh8 {[%emt 0:00:00]} 41. b4 {[%emt 0:02:02]} Kg7 {[%emt 0:00:56]} 42. Bd2 {[%emt 0:15:10]} Kf7 {[%emt 0:02:09]} 43. Kg4 {[%emt 0:01:13]} Kg7 {[%emt 0:06:59]} 44. b5 {[%emt 0:02:10]} Kf7 {[%emt 0:04:24]} 45. Be1 {[%emt 0:00:08]} g5 {[%emt 0:02:51]} 46. f5 {[%emt 0:02:23]} Bc7 {[%emt 0:09:12]} 47. Bg3 {[%emt 0:01:09]} Bd8 {[%emt 0:02:33]} 48. Bh2 {[%emt 0:00:21]} Be7 {[%emt 0:01:29]} 49. Bg3 {[%emt 0:05:00]} Bd8 {[%emt 0:00:58]} 50. a3 {[%emt 0:00:31]} Be7 {[%emt 0:00:38]} 51. f6 {[%emt 0:02:46]} Bd8 {[%emt 0:00:20]} 52. Kxg5 {[%emt 0:00:09]} Bc7 {[%emt 0:00:20]} 53. Kf4 {[%emt 0:00:49]} Bd8 {[%emt 0:01:22]} 54. Ke4 {[%emt 0:00:15]} Bc7 {[%emt 0:00:16]} 55. Bf2 {[%emt 0:01:50]} Bb8 {[%emt 0:01:45]} 56. Bxd4 {[%emt 0:01:13]} cxd4 {[%emt 0:00:07]} 57. Kxd4 {[%emt 0:00:02]} Ke8 {[%emt 0:00:17]} 58. Ke4 {[%emt 0:00:18]} Bc7 {[%emt 0:00:55]} 59. d4 {[%emt 0:00:08]} Kd7 {[%emt 0:01:02]} 60. d5 {[%emt 0:00:20]} Bd8 {[%emt 0:00:15]} 61. a4 {[%emt 0:00:20]} Bc7 {[%emt 0:00:33]} 62. d6 {[%emt 0:02:06]} 1-0

[Event "ESCC Women 65 2019"]
[Site "Halkidik"]
[Date "2019.04.09"]
[Round "4.1"]
[White "Podlovna, Stella"]
[Black "Ristoja, Aulikki"]
[Result "0-1"]
[WhiteElo "1599"]
[BlackElo "1551"]
[Annotator "NA"]
[PlyCount "118"]
[EventDate "2019.04.06"]
[EventType "swiss"]
[EventCountry "GRE"]
[SourceTitle "playchess.com"]
[Source "ChessBase"]
[SourceQuality "1"]
[TimeControl "40/5400+30:1800+30"]

1. d4 {[%emt 0:00:35]} d5 {[%emt 0:00:00]} 2. e3 {[%emt 0:01:25]} Nf6 {[%emt 0:00:38]} 3. c4 {[%emt 0:01:08]} c6 {[%emt 0:00:47]} 4. Nf3 {[%emt 0:00:31]} Bg4 {[%emt 0:01:36]} 5. h3 {[%emt 0:00:24]} Bh5 {[%emt 0:00:43]} 6. Nbd2 {[%emt 0:02:03]} e6 {[%emt 0:00:44]} 7. Bd3 {[%emt 0:01:00]} Bd6 {[%emt 0:04:56]} 8. c5 {[%emt 0:00:27]} Bc7 {[%emt 0:01:13]} 9. b4 {[%emt 0:00:31]} b6 {[%emt 0:01:18]} 10. Qb3 {[%emt 0:01:29]} bxc5 {[%emt 0:01:23]} 11. bxc5 {[%emt 0:00:35]} Qc8 {[%emt 0:05:17]} 12. Rb1 {[%emt 0:02:57]} O-O {[%emt 0:02:09]} 13. Qb7 {[%emt 0:01:32]} Qxb7 {[%emt 0:01:00]} 14. Rxb7 {[%emt 0:00:10]} Rc8 {[%emt 0:01:30]} 15. Ba3 {[%emt 0:02:35]} Nbd7 {[%emt 0:05:03]} 16. O-O {[%emt 0:01:22]} e5 {[%emt 0:00:38]} 17. dxe5 {[%emt 0:01:48]} Nxe5 {[%emt 0:00:23]} 18. Bf5 {[%emt 0:02:20]} a5 {[%emt 0:08:40]} 19. Bxc8 {[%emt 0:00:22]} Rxc8 {[%emt 0:00:03]} 20. Nd4 {[%emt 0:07:54]} Ne4 {[%emt 0:05:01]} 21. N2f3 {[%emt 0:04:32]} Nc4 {[%emt 0:03:35]} 22. Bc1 {[%emt 0:10:57]} Nxc5 {[%emt 0:00:36]} 23. Nxc6 {[%emt 0:12:04]} Bd6 {[%emt 0:01:12]} 24. Ne7+ {[%emt 0:01:57]} Bxe7 {[%emt 0:00:09]} 25. Rxe7 {[%emt 0:00:09]} Kf8 {[%emt 0:01:12]} 26. Ra7 {[%emt 0:00:22]} f6 {[%emt 0:02:46]} 27. g4 {[%emt 0:02:52]} Bf7 {[%emt 0:00:38]} 28. Nd2 {[%emt 0:00:37]} Nd3 {[%emt 0:01:04]} 29. Nxc4 {[%emt 0:01:25]} dxc4 {[%emt 0:03:45]} 30. Ba3+ {[%emt 0:01:42]} Kg8 {[%emt 0:00:50]} 31. Rxa5 {[%emt 0:01:30]} c3 {[%emt 0:00:47]} 32. Bc1 {[%emt 0:00:16]} h5 {[%emt 0:02:08]} 33. gxh5 {[%emt 0:03:15]} c2 {[%emt 0:01:14]} 34. a4 {[%emt 0:03:13]} Bc4 {[%emt 0:01:25]} 35. Kg2 {[%emt 0:00:58]} Ne5 {[%emt 0:03:01]} 36. Re1 {[%emt 0:01:45]} Nd3 {[%emt 0:04:29]} 37. Rg1 {[%emt 0:00:21]} Ne5 {[%emt 0:02:16]} 38. f4 {[%emt 0:01:57]} Nd3 {[%emt 0:01:13]} 39. Kf3 {[%emt 0:01:02]} Nc5 {[%emt 0:03:42]} 40. Ra7 {[%emt 0:00:00]} Bd5+ {[%emt 0:00:00]} 41. Kf2 {[%emt 0:06:43]} Bf7 {[%emt 0:07:31]} 42. h6 {[%emt 0:01:35]} g6 {[%emt 0:00:47]} 43. f5 {[%emt 0:01:23]} g5 {[%emt 0:02:15]} 44. h4 {[%emt 0:00:45]} Rd8 {[%emt 0:01:41]} 45. hxg5 {[%emt 0:09:32]} Ne4+ {[%emt 0:00:38]} 46. Kf3 {[%emt 0:02:05]} Nxg5+ {[%emt 0:00:31]} 47. Kg4 {[%emt 0:01:26]} Rd1 {[%emt 0:00:44]} 48. Rg2 {[%emt 0:03:51]} Rxc1 {[%emt 0:00:25]} 49. a5 {[%emt 0:00:54]} Bb3 {[%emt 0:01:33]} 50. Rg7+ {[%emt 0:09:44]} Kh8 {[%emt 0:01:12]} 51. Rd2 {[%emt 0:01:32]} Rd1 {[%emt 0:03:42]} 52. Rxc2 {[%emt 0:00:06]} Bxc2 {[%emt 0:00:02]} 53. a6 {[%emt 0:00:34]} Rg1+ {[%emt 0:02:00]} 54. Kf4 {[%emt 0:00:29]} Rf1+ {[%emt 0:00:27]} 55. Kg3 {[%emt 0:00:11]} Rxf5 {[%emt 0:00:33]} 56. a7 {[%emt 0:00:06]} Ra5 {[%emt 0:00:05]} 57. Rd7 {[%emt 0:00:50]} Be4 {[%emt 0:01:02]} 58. Kf4 {[%emt 0:01:00]} Bc6 {[%emt 0:03:54]} 59. Rc7 {[%emt 0:00:49]} Ne6+ {[%emt 0:00:08]} 0-1

[Event "ESCC Women 65 2019"]
[Site "Halkidik"]
[Date "2019.04.09"]
[Round "4.2"]
[White "Sorokina, Tamara"]
[Black "Kabanova, Irina"]
[Result "1-0"]
[WhiteElo "2051"]
[BlackElo "1816"]
[Annotator "NA"]
[PlyCount "105"]
[EventDate "2019.04.06"]
[EventType "swiss"]
[EventCountry "GRE"]
[SourceTitle "playchess.com"]
[Source "ChessBase"]
[SourceQuality "1"]
[TimeControl "40/5400+30:1800+30"]

1. d4 {[%emt 0:00:00]} Nf6 {[%emt 0:00:00]} 2. Nf3 {[%emt 0:00:00]} e6 {[%emt 0:00:00]} 3. e3 {[%emt 0:00:00]} d5 {[%emt 0:00:54]} 4. Bd3 {[%emt 0:00:00]} Be7 {[%emt 0:00:28]} 5. Nbd2 {[%emt 0:00:00]} c5 {[%emt 0:00:42]} 6. c3 {[%emt 0:00:21]} Nc6 {[%emt 0:00:45]} 7. O-O {[%emt 0:00:07]} Qc7 {[%emt 0:00:33]} 8. dxc5 {[%emt 0:01:41] D05: Colle System with ...e6} Bxc5 {[%emt 0:00:50]} 9. e4 {[%emt 0:00:13]} (9. b4 Be7 10. Bb2 O-O 11. a3 a6 12. c4 dxc4 13. Nxc4 b5 14. Ncd2 Bb7 15. Rc1 Rac8 {0-1 (47) Cifuentes Parada,R (2469)-Ibarra Jerez,J (2561) La Roda 2016}) 9... dxe4 {[%emt 0:06:23]} 10. Nxe4 {[%emt 0:00:02]} Nxe4 {[%emt 0:01:57]} 11. Bxe4 {[%emt 0:00:03]} Bd6 {[%emt 0:02:10]} 12. Qe2 {[%emt 0:00:31]} Bd7 {[%emt 0:04:46]} 13. Rd1 $146 {[%emt 0:06:50]} ({Predecessor:} 13. Be3 O-O-O 14. Nd4 Ne5 15. c4 f5 {1-0 (24) Ravi,T (2387)-Pradip,G (2121) Noida 2016}) 13... Rd8 {[%emt 0:03:57]} 14. Bc2 {[%emt 0:03:29]} h6 {[%emt 0:01:27]} 15. h3 {[%emt 0:00:17]} a6 {[%emt 0:01:18]} 16. Be3 {[%emt 0:01:04]} Ne7 {[%emt 0:11:00]} 17. Bd4 {[%emt 0:07:01]} Bb5 {[%emt 0:03:02]} 18. Bd3 {[%emt 0:00:36]} Bxd3 {[%emt 0:00:41]} 19. Rxd3 {[%emt 0:00:11]} Nf5 {[%emt 0:01:52]} 20. Rad1 {[%emt 0:00:35]} Nxd4 {[%emt 0:00:50]} 21. Nxd4 {[%emt 0:00:19]} O-O {[%emt 0:11:55]} 22. Qe4 {[%emt 0:07:40]} Qe7 {[%emt 0:03:03]} 23. Re1 {[%emt 0:05:12]} g6 {[%emt 0:04:02]} 24. Nf3 {[%emt 0:00:00]} Qf6 {[%emt 0:02:25]} 25. Red1 {[%emt 0:01:59]} Bc7 {[%emt 0:01:14]} 26. Qxb7 {[%emt 0:05:06]} Rxd3 {[%emt 0:02:10]} 27. Rxd3 {[%emt 0:00:07]} Rd8 {[%emt 0:01:56]} 28. Qe4 {[%emt 0:02:39]} Rxd3 {[%emt 0:00:24]} 29. Qxd3 {[%emt 0:00:01]} Qf4 {[%emt 0:03:13]} 30. Qd2 $16 {[%emt 0:02:37]} ({Much weaker is} 30. Qxa6 $6 Qc1+ {[%mdl 64] Double Attack} 31. Qf1 Qxb2 $11) 30... Qe4 {[%emt 0:00:00]} 31. Qd1 {[%emt 0:00:27]} Bb6 {[%emt 0:01:59]} 32. b3 {[%emt 0:02:29]} g5 {[%emt 0:02:44]} 33. a4 {[%emt 0:04:55]} e5 {[%emt 0:04:43]} 34. b4 {[%emt 0:00:06]} Qf4 {[%emt 0:00:31]} 35. Qd2 {[%emt 0:02:33]} Qf5 {[%emt 0:00:26]} 36. a5 {[%emt 0:01:01]} Bc7 {[%emt 0:03:01]} 37. Qe2 {[%emt 0:06:06]} e4 {[%emt 0:00:00]} 38. Nd4 {[%emt 0:04:52]} Qf4 {[%emt 0:00:04]} 39. g3 {[%emt 0:00:11]} Qc1+ {[%emt 0:01:03]} 40. Kg2 {[%emt 0:00:00]} Qxc3 {[%emt 0:00:00]} 41. Qxe4 {[%emt 0:00:23]} Qxb4 {[%emt 0:03:53]} 42. Qe8+ {[%emt 0:00:26]} Qf8 {[%emt 0:00:39]} 43. Qc6 {[%emt 0:00:12]} Qd8 {[%emt 0:00:51]} 44. Nf5 {[%emt 0:00:45]} Be5 {[%emt 0:09:44]} 45. Nxh6+ {[%emt 0:00:31]} Kf8 {[%emt 0:01:53]} 46. Qc5+ {[%emt 0:05:11]} Bd6 {[%emt 0:02:04]} 47. Qd5 {[%emt 0:00:00]} Qe7 {[%emt 0:00:24]} 48. Nxf7 {[%emt 0:00:00]} Qxf7 {[%emt 0:00:18]} 49. Qxd6+ {[%emt 0:00:00]} Kg7 {[%emt 0:00:31]} 50. Qxa6 {[%emt 0:04:58]} Qd5+ {[%emt 0:05:09]} 51. Kh2 {[%emt 0:00:00]} Qf3 {[%emt 0:00:07]} 52. Qb6 {[%emt 0:00:00]} g4 {[%emt 0:00:22]} 53. h4 {[%emt 0:00:00]} 1-0

[Event "ESCC Women 65 2019"]
[Site "Halkidik"]
[Date "2019.04.09"]
[Round "4.3"]
[White "Titorenko, Natalia I"]
[Black "Khmiadashvili, Tamar"]
[Result "1/2-1/2"]
[WhiteElo "2153"]
[BlackElo "1976"]
[Annotator "NA"]
[PlyCount "122"]
[EventDate "2019.04.06"]
[EventType "swiss"]
[EventCountry "GRE"]
[SourceTitle "playchess.com"]
[Source "ChessBase"]
[SourceQuality "1"]
[TimeControl "40/5400+30:1800+30"]

1. e4 {[%emt 0:00:00]} c6 {[%emt 0:00:11]} 2. Nc3 {[%emt 0:00:00]} d5 {[%emt 0:00:40]} 3. Nf3 {[%emt 0:00:00]} dxe4 {[%emt 0:02:33]} 4. Nxe4 {[%emt 0:00:00]} Nf6 {[%emt 0:00:09]} 5. Nxf6+ {[%emt 0:02:20]} exf6 {[%emt 0:00:37]} 6. d4 {[%emt 0:03:48]} Bd6 {[%emt 0:01:50]} 7. Be3 {[%emt 0:05:08]} O-O {[%emt 0:04:12]} 8. Bd3 $11 {[%emt 0:03:49]} Re8 {[%emt 0:04:45]} 9. Qd2 {[%emt 0:03:32]} Nd7 {[%emt 0:03:25]} 10. O-O {[%emt 0:09:57]} Nf8 {[%emt 0:01:20]} 11. Nh4 {[%emt 0:19:29]} Ng6 {[%emt 0:06:45]} 12. Nxg6 {[%emt 0:07:28]} hxg6 {[%emt 0:04:30]} 13. Rfe1 {[%emt 0:10:31]} Qc7 {[%emt 0:03:14]} 14. g3 {[%emt 0:01:25]} Bh3 {[%emt 0:06:57]} 15. Bf1 {[%emt 0:01:02]} Bxf1 {[%emt 0:00:27]} 16. Kxf1 {[%emt 0:00:22]} g5 {[%emt 0:02:50]} 17. c3 {[%emt 0:02:27]} Qd7 {[%emt 0:01:31]} 18. Kg2 {[%emt 0:01:59]} Qf5 {[%emt 0:01:25]} 19. h3 {[%emt 0:14:23]} Qd5+ {[%emt 0:07:13]} 20. f3 {[%emt 0:00:37]} Bc7 {[%emt 0:03:52]} 21. b3 {[%emt 0:00:32]} Qd6 {[%emt 0:12:48]} 22. Bf2 {[%emt 0:00:07]} Re6 {[%emt 0:04:38]} 23. Re2 {[%emt 0:04:08]} g6 {[%emt 0:01:48]} 24. Rae1 {[%emt 0:00:23]} Kg7 {[%emt 0:02:21]} 25. Rxe6 {[%emt 0:04:43]} fxe6 {[%emt 0:00:06]} 26. Qe3 {[%emt 0:03:19]} Re8 {[%emt 0:03:03]} 27. Rh1 {[%emt 0:00:33]} Rh8 {[%emt 0:00:54]} 28. h4 {[%emt 0:00:32]} gxh4 {[%emt 0:01:47]} 29. gxh4 {[%emt 0:00:10]} Kf7 {[%emt 0:02:36]} 30. Qe1 {[%emt 0:00:34]} Qa3 {[%emt 0:02:56]} 31. Qd2 {[%emt 0:00:01]} Qd6 {[%emt 0:00:41]} 32. Qe1 {[%emt 0:00:01]} Rh5 {[%emt 0:00:58]} 33. Bg3 {[%emt 0:00:14]} Qxg3+ {[%emt 0:01:19]} 34. Qxg3 {[%emt 0:00:01]} Bxg3 {[%emt 0:00:10]} 35. Kxg3 {[%emt 0:00:01]} c5 {[%emt 0:02:01]} 36. dxc5 {[%emt 0:01:08]} Rxc5 {[%emt 0:00:19]} 37. c4 {[%emt 0:00:14]} e5 {[%emt 0:04:35]} 38. h5 {[%emt 0:01:34]} gxh5 {[%emt 0:01:26]} 39. Rxh5 {[%emt 0:00:01]} Kg6 {[%emt 0:01:35]} 40. Rh2 {[%emt 0:00:00]} Rc7 {[%emt 0:00:00]} 41. Kf2 {[%emt 0:02:16]} a5 {[%emt 0:02:32]} 42. Ke3 {[%emt 0:03:38]} a4 {[%emt 0:03:34]} 43. Rc2 {[%emt 0:02:02]} axb3 {[%emt 0:02:48]} 44. axb3 {[%emt 0:00:00]} Kf5 {[%emt 0:01:12]} 45. b4 {[%emt 0:16:36]} Ke6 {[%emt 0:08:16]} 46. f4 {[%emt 0:03:06]} Rh7 {[%emt 0:03:36]} 47. fxe5 {[%emt 0:01:31]} Kxe5 {[%emt 0:00:24]} 48. Rf2 {[%emt 0:01:17]} f5 {[%emt 0:04:08]} 49. b5 {[%emt 0:01:53]} b6 {[%emt 0:02:01]} 50. Kd3 {[%emt 0:02:59]} Rh3+ {[%emt 0:01:20]} 51. Kd2 {[%emt 0:01:00]} f4 {[%emt 0:04:06]} 52. Re2+ {[%emt 0:00:28]} Kd4 {[%emt 0:03:01]} 53. Re6 {[%emt 0:00:25]} Rh2+ {[%emt 0:01:18]} 54. Ke1 {[%emt 0:00:03]} Kxc4 {[%emt 0:01:51]} 55. Rxb6 {[%emt 0:00:18]} Kd4 {[%emt 0:00:29]} 56. Re6 {[%emt 0:00:06]} Rb2 {[%emt 0:00:31]} 57. b6 {[%emt 0:00:58]} Kd5 {[%emt 0:00:13]} 58. Re2 {[%emt 0:01:30]} Rxb6 {[%emt 0:00:17]} 59. Kf2 {[%emt 0:00:00]} Rb3 {[%emt 0:00:13]} 60. Re8 {[%emt 0:00:52]} Kd4 {[%emt 0:01:00]} 61. Re7 {[%emt 0:00:37]} Kd5 {[%emt 0:00:46]} 1/2-1/2